Pays commençant par un I - Statistiques

Statistiques générales
  • Ce quiz a été pris 382 fois
  • Le résultat moyen est 6 sur 8
Statistiques - réponses
Pays % Correct
Irlande
89%
Islande
89%
Inde
83%
Indonesie
83%
Italie
82%
Irak
75%
Iran
75%
Israël
58%
Aucun quiz correspondant
Distribution des résultats
% des personnes avec chaque résultat
Percentile par nombre de réponses
Votre historique - résultats
Vous n’avez pas pris ce quiz